| 000 | 01129cam a22002655a 4500 | ||
|---|---|---|---|
| 001 | L159472 | ||
| 002 | 20635 | ||
| 008 | 170712s2017 xxk f 001 0 eng d | ||
| 020 | _a9781911346050 | ||
| 035 | _a(Sirsi) u159472 | ||
| 041 | 0 | _aeng | |
| 050 | 0 | 4 | _a690 $2 18 |
| 100 | 1 | _aBrinkley, Mark | |
| 245 | 0 | 4 | _aThe housebuilder's bible |
| 250 | _a12th ed. | ||
| 260 |
_aPenryn _bRed Planet Publishing _c2017 |
||
| 300 |
_a352p. _bill _c24cm |
||
| 505 | 2 | _aIntroduction -- Case study -- Pitfalls -- Design -- Project management -- Groundworks -- Superstructure -- Heating &plumbing -- Wiring -- Finishes -- Room by room -- Adding extra space -- Shopping -- Green issues -- Apocrypha. | |
| 520 | _aExplains everything you need to know about managing a build, buying and using materials, finding and employing the right people. Written in a highly readable style this twelfth edition is fully updated and comes complete with tables for costing your building project. | ||
| 521 | _aAdvanced | ||
| 650 | 2 | 4 |
_aConstruction management _96230 |
| 651 | 4 |
_aUnited Kingdom _y |
|
| 690 | _aDesign and specification | ||
| 942 | _n0 | ||
| 999 |
_c115932 _d115932 |
||